Biblioteca ESET

El cuento, una pasión argentina | 25 Años. (Registro nro. 616)

Detalles MARC
000 -CABECERA
fixed length control field 00703nam a2200229Ia 4500
008 - ELEMENTOS DE LONGITUD FIJA-INFORMACION GENERAL
fixed length control field 221202s9999 xx 000 0 und d
020 ## - NUMERO INTERNACIONAL NORMALIZADO PARA LIBROS
Número Internacional Normalizado del libro 9789508602855
040 ## - FUENTE DE CATALOGACION
Agencia de catalogación original AR-BeUNQ
Idioma de catalogación ESPAÑOL
Convenciones de la descripción aacr
100 ## - ASIENTO PRINCIPAL-NOMBRE PERSONAL
Nombre personal Rodio, Horacio Martín
245 #0 - MENCION DE TITULO
Título El cuento, una pasión argentina
Otra información sobre el título 25 Años.
250 ## - MENCION DE EDICION
Mención de edición 1a ed.
260 ## - PUBLICACION, DISTRIBUCION, ETC.
Lugar de publicación, distribución, etc. Ciudad Autónoma de Buenos Aires
Nombre del editor, distribuidor, etc. desde la Gente
Fecha de publicación, distribución, etc 2016
300 ## - DESCRIPCION FISICA
Extensión 128 p. ;
Dimensiones 20 x 14 cm
500 ## - NOTA GENERAL
Nota general Textos premiados en el concurso de cuentos Floreal Gorini
546 ## - NOTA DE IDIOMA
Nota de idioma Español
653 ## - TERMINO DE INDIZACION - NO CONTROLADO
Término de indización no controlado Cuentos
653 ## - TERMINO DE INDIZACION - NO CONTROLADO
Término de indización no controlado Literatura juvenil
700 ## - ASIENTO SECUNDARIO - NOMBRE DE PERSONA
Personal name Albarello, Roberto
700 ## - ASIENTO SECUNDARIO - NOMBRE DE PERSONA
Personal name Montaña, Roberto
929 ## - DATOS DE ADQUISICION
Proveedor Biblioteca Nacional
Fecha de recibido 2022
Procedencia DONACION
942 ## - ELEMENTOS DE PUNTO DE ACCESO ADICIONAL (KOHA)
Tipo de ítem Koha Libros
Suppress in OPAC 0
Existencias
Estado de retiro Estado de pérdida Fecha de ingreso Total Checkouts Signatura topográfica completa Inventario Date last seen Tipo de ítem Koha
    02/12/2022   863 ROD 59670 02/12/2022 Libros

ESET UNQ

☏ 4365-7188
 Avenida República de Francia 1714 entre Doctor Kenny y Concordia, Ezpeleta, Bs As.
✉ secretaria_eset@unq.edu.ar

Con tecnología Koha